Business of ornamental fish in phnom penh; ការធ្វើអាជីវកម្មត្រីលំអ នៅរាជធានីភ្នំពេញ. (Record no. 4180)

000 -LEADER
fixed length control field 00566nam a22001577a 4500
003 - CONTROL NUMBER IDENTIFIER
control field OSt
005 - DATE AND TIME OF LATEST TRANSACTION
control field 20151207160205.0
008 - FIXED-LENGTH DATA ELEMENTS--GENERAL INFORMATION
fixed length control field 151207b xxu||||| |||| 00| 0 eng d
040 ## - CATALOGING SOURCE
Transcribing agency RUA
082 ## - DEWEY DECIMAL CLASSIFICATION NUMBER
Classification number FIS POM 2005 B177 Or.1
100 ## - MAIN ENTRY--PERSONAL NAME
9 (RLIN) 4482
Personal name POM SOK HORT; ប៉ុម​ សុខហ៊ត.
245 ## - TITLE STATEMENT
Title Business of ornamental fish in phnom penh; ការធ្វើអាជីវកម្មត្រីលំអ នៅរាជធានីភ្នំពេញ.
260 ## - PUBLICATION, DISTRIBUTION, ETC. (IMPRINT)
Place of publication, distribution, etc. Phnom Penh
Name of publisher, distributor, etc. RUA
Date of publication, distribution, etc. 2005
300 ## - PHYSICAL DESCRIPTION
Extent vii; 37p.
Other physical details ill.
Dimensions 29cm.
942 ## - ADDED ENTRY ELEMENTS (KOHA)
Source of classification or shelving scheme
Koha item type FIS
Holdings
Price effective from Date last seen Permanent Location Not for loan Date acquired Source of classification or shelving scheme Koha item type Lost status Withdrawn status Total Renewals Date last checked out Total Checkouts Shelving location Damaged status Barcode Current Location Full call number
2015-12-072018-06-08Library Block B 2015-12-07 FIS  12018-05-252B177 RUA011886Library Block BFIS POM 2005 B177 Or.1
2015-12-072022-07-30Library Block B 2015-12-07 FIS   2022-07-181B177 RUA011458Library Block BFIS POM 2005 B177 Or.2
2015-12-072015-12-07Library Block B 2015-12-07 FIS     B177 RUA011176Library Block BFIS POM 2005 B177 Or.3
2015-12-072022-05-27Library Block B 2015-12-07 FIS   2022-05-112B177 RUA011470Library Block BFIS POM 2005 B177 Or.4
2015-12-072015-12-07Library Block B 2015-12-07 FIS     B177 RUA011319Library Block BFIS POM 2005 B177 Or.5
2015-12-072016-04-21Library Block B 2015-12-07 FIS   2016-04-191B177 RUA011108Library Block BFIS POM 2005 B177 Or.6
មជ្ឈមណ្ឌលឯការនៃសាកលវិទ្យាល័យភូមិន្ទកសិកម្មចំការដូង

Powered by Koha